000
00243nam a2200085Ia 4500
245
0
_a
Vleisvreters
100
_a
STAUNTON, Joseph [Pretoria], 2009 1ste Afrikaanse uitg
_9
26288
942
_c
BK
008
210817s9999 xx 000 0 und d
999
_c
309661
_d
309660